LEADER 00992nam0-2200325---450- 001 990009401510403321 005 20110914103709.0 035 $a000940151 035 $aFED01000940151 035 $a(Aleph)000940151FED01 035 $a000940151 100 $a20110720d1961----km-y0itay50------ba 101 0 $aeng 102 $aUS 105 $aa-------001yy 200 1 $a<>stereotaxic atlas of the monkey brain (Macaca mulatta)$fRay S. Snider [and] John C. Lee 210 $a[Chicago]$cUniversity of Chicago press$d1961 215 $a1 v. (paginaz. varia)$cill.$d30 cm 610 0 $aCervello$aAtlanti 610 0 $aScimmie$aAnatomie 676 $a599.82 700 1$aSnider,$bRay S.$g$0512126 701 1$aLee,$bJohn C.$0512127 801 0$aIT$bUNINA$gRICA$2UNIMARC 901 $aBK 912 $a990009401510403321 952 $aIIIc C 180$bs.i.$fDMVSF 959 $aDMVSF 996 $aStereotaxic atlas of the monkey brain (Macaca mulatta$9764975 997 $aUNINA LEADER 01955nam 2200385 n 450 001 996389650903316 005 20200818224339.0 035 $a(CKB)4940000000101425 035 $a(EEBO)2248566041 035 $a(UnM)99838173e 035 $a(UnM)99838173 035 $a(EXLCZ)994940000000101425 100 $a19901029d1632 uy | 101 0 $aeng 135 $aurbn||||a|bb| 200 00$aDeaths duell, or, A consolation to the soule, against the dying life, and liuing death of the body$b[electronic resource] $eDeliuered in a sermon at White Hall, before the Kings Maiesty, in the beginning of Lent, 1630. By that late learned and reuerend diuine, Iohn Donne, Dr. in Diuinity, & Deane of S. Pauls, London. Being his last sermon, and called by his Maiesties houshold the doctors owne funerall sermon 210 $aLondon $cPrinted by Thomas Harper, for Richard Redmer and Beniamin Fisher, and are to be sold at the signe of the Talbot in Alders-gate street$dM.DC.XXXII. [1632] 215 $a[8], 47, [1] p. $cport. (metal cut) 300 $aThe first leaf is blank except for signature-mark "A" in a border of ornaments; the second leaf bears an engraved portrait signed "Martin DR [monogram]". The portrait is sometimes not printed. 300 $aVariant: with an additional leaf of dedication from Richard Redmer to his sister, Mrs. Elizabeth Francis. 300 $aReproduction of the original in the Folger Shakespeare Library. 300 $aPort. omitted. 330 $aeebo-0055 606 $aSermons, English$y17th century 615 0$aSermons, English 700 $aDonne$b John$f1572-1631.$0165770 702 $aDroeshout$b Martin$fb. 1601, 801 0$bCu-RivES 801 1$bCu-RivES 801 2$bCStRLIN 801 2$bWaOLN 906 $aBOOK 912 $a996389650903316 996 $aDeaths duell, or, A consolation to the soule, against the dying life, and liuing death of the body$92342110 997 $aUNISA LEADER 02434 am 2200625 n 450 001 9910169189703321 005 20160101 010 $a2-37546-052-9 024 7 $a10.4000/books.pressesenssib.1775 035 $a(CKB)3710000001157403 035 $a(FrMaCLE)OB-pressesenssib-1775 035 $a(oapen)https://directory.doabooks.org/handle/20.500.12854/61597 035 $a(PPN)20267343X 035 $a(EXLCZ)993710000001157403 100 $a20170404j|||||||| ||| 0 101 0 $afre 135 $auu||||||m|||| 181 $ctxt$2rdacontent 182 $cc$2rdamedia 183 $acr$2rdacarrier 200 10$aUne voix qui manque toujours : journées d?hommage à Jean Gattégno /$fThierry Ermakoff 210 $aVilleurbanne $cPresses de l?enssib$d2016 311 $a2-37546-002-2 330 $aJean Gattégno, spécialiste de littérature anglaise, haut fonctionnaire, ancien directeur du livre et de la lecture de 1981 à 1989, nous a quittés le 31 mai 1994. Les 13 et 14 juin 2014, deux journées d?hommage lui ont été rendues à l?Enssib. Avec, entre autres, les témoignages de Véronique Chatenay-Dolto, Valérie Tesnière, Nicolas Galaud, Gérald Grunberg, Christian Thorel, Benoit Tuleu, et une introduction de Marc Olivier Baruch. 517 $aUne voix qui manque toujours 517 $aUne voix qui manque toujours  606 $aLibrary, Information & Communication sciences 606 $alivres 606 $alecture 606 $abibliothèques 606 $aculture 610 $aculture 610 $abibliothèques 610 $alecture 610 $alivres 615 4$aLibrary, Information & Communication sciences 615 4$alivres 615 4$alecture 615 4$abibliothèques 615 4$aculture 700 $aBaruch$b Marc Olivier$01308669 701 $aChatenay-Dolto$b Véronique$01281656 701 $aGalaud$b Nicolas$01281657 701 $aGrunberg$b Gérald$01281658 701 $aLlavori$b Denis$01281659 701 $aSuard$b François$0386592 701 $aTesnière$b Valérie$01281660 701 $aThorel$b Christian$01281661 701 $aTuleu$b Benoît$01281662 701 $aErmakoff$b Thierry$01281663 801 0$bFR-FrMaCLE 906 $aBOOK 912 $a9910169189703321 996 $aUne voix qui manque toujours : journées d?hommage à Jean Gattégno$93384657 997 $aUNINA